00996nam a2200157 i 4500001000700000003000900007005001700016008004100033100003300074245033900107260008200446300003100528650003800559650003500597852020600632158802ES-MaACL20250907063121.0931025s1651 sp |||| | spa d0 aMárquez, Juan, d1565-162113aEl Gouernador christiano : bdeducido de las vidas de Moysen y Iosue, principes del pueblo de Dios / cpor el maestro Fray Iuan Marquez, de la Orden de San Agustin... ; con cuatro tablas copiosas : la primera de los capitulos, la segunda de las questiones, la tercera de las cosas notables, y la cuarta de los lugares de la escritura. aEn Madrid : bpor Gregorio Rodriguez : ba costa de Antonio Ribero...,c1651. a[8], 401, [44] p. ; cFol. 7aEducación de príncipes2embne 4aÉtica política-zEspaña. aES-MaACLjR-1111 z- Enc. piel azul marino grabada, con hierros dorados, en caja rígida z- Ex-libris ms.: "Este tomo es de Fr. Man. Pérez, hijo del Monasterio de la Regina?" xOlim:G-1650